|
|
|
|
| LEADER |
00000nab a2200000 a 4500 |
| 001 |
vtls000339178 |
| 003 |
SK-MaSNL |
| 005 |
20260303213854.0 |
| 008 |
040806c1983 xo 0 slo |
| 015 |
|
|
|a SNBRA19rr/mm-uuuuu
|
| 035 |
|
|
|a CL0339300
|
| 040 |
|
|
|a SNKBUCL
|b slo
|c SNKBUCL
|e AACR2
|
| 041 |
0 |
|
|a slo
|
| 044 |
|
|
|a xo
|c SK
|
| 080 |
|
|
|a 75.071.1
|2 1981
|
| 080 |
|
|
|a 741.071.1
|2 1981
|
| 080 |
|
|
|a 929 Polakovič, Imrich
|2 1981
|
| 100 |
1 |
|
|a Hrnčírik, Ladislav
|4 aut
|9 5067
|
| 245 |
1 |
0 |
|a Maliar a kresliar Imrich Polakovič
|c Ladislav Hrnčírik
|
| 300 |
|
|
|b Fot. 3.
|
| 600 |
1 |
7 |
|a Polakovič, Imrich,
|d 1923-1989
|2 snkbucl
|9 206159
|
| 655 |
|
7 |
|a profily
|2 snkbucl
|9 341977
|
| 655 |
|
7 |
|a články z novín a časopisov
|2 snkbucl
|9 267496
|
| 773 |
0 |
|
|t Vlastivedný a metodický spravodaj okresu Trnava
|d Hlohovec : Okresné múzeum Trnava, 1983
|g S. 92-94
|
| 850 |
|
|
|a Slovenská národná knižnica v Martine
|a MTA001
|
| 852 |
|
|
|a SNK
|b KIS3GCP
|
| 958 |
|
|
|a BX
|
| 999 |
|
|
|c 2214432
|d 2216362
|